| 000 | 00850nam a2200265Ia 4500 | ||
|---|---|---|---|
| 003 | OSt | ||
| 005 | 20220918170719.0 | ||
| 006 | a|||||r|||| 00| 0 | ||
| 007 | ta | ||
| 008 | 220917b |||||||| |||| 00| 0 eng d | ||
| 020 |
_a9780415693684 (pbk) _c2982.48 |
||
| 024 | _a280,977 | ||
| 037 |
_bBBS10151, 14/03/2014, Better Book Services _cTextual |
||
| 040 |
_aARTS _cARTS _beng |
||
| 041 |
_2eng _aeng |
||
| 082 | _aSiogma:f, Q4 | ||
| 100 |
_aByrne David _930579 |
||
| 245 | 0 |
_aComplexity theory and the social sciences _b The state of the art |
|
| 260 |
_aLondon _bRoutledge UK _c2014 |
||
| 300 |
_avi, 297p. _ccm. |
||
| 650 | _aSOCIAL SCIENCES | ||
| 700 |
_a Callaghan Gill _930580 |
||
| 942 |
_hSiogma:f, Q4 _cTEXL _2CC |
||
| 999 |
_c135311 _d135311 |
||